000 00822nam a2200253Ia 4500
003 OSt
005 20220918170434.0
006 a|||||r|||| 00| 0
007 ta
008 220917b |||||||| |||| 00| 0 eng d
020 _a9780230114067 (hbk)
_c5450
024 _a263,941
037 _b56/2012-13, 10/08/2012, Pioneer Book Distributors
_cTextual
040 _aARTS
_cARTS
_beng
041 _2eng
_aeng
082 _aX:31, Q2
100 _aBirnbaum Simon
_929028
245 0 _aBasic income reconsidered
_b Social justice, liberalism and the demands of equality
260 _aNew York
_bPalgrave macmillan USA
_c2012
300 _axiv,246p.
_ccm.
650 _aECONOMICS
942 _hX:31, Q2
_cTEXL
_2CC
999 _c134124
_d134124